[Event "Naestved Unichess 3"]
[Site "Naestved"]
[Date "1996.10.19"]
[Round "4"]
[White "Petersen, Gregers"]
[Black "Christensen, Ole"]
[Result "1-0"]
[WhiteElo "1185"]
[BlackElo "1000"]
[PlyCount "133"]
[EventDate "1996.10.12"]
[EventType "swiss"]
[EventRounds "5"]
[EventCountry "DEN"]
[SourceTitle "EXT 2023"]
[Source "ChessBase"]
[SourceDate "2022.10.05"]
[SourceVersion "1"]
[SourceVersionDate "2022.10.05"]
[SourceQuality "1"]

1. Nf3 e6 2. d4 d5 3. c4 Nf6 4. Nc3 c6 5. c5 Nbd7 6. g3 Be7 7. Bg2 b6 8. b4 bxc5 9. bxc5 Ba6 10. 0-0 Bc4 11. Qa4 Qc7 12. Nd2 Bb5 13. Nxb5 cxb5 14. Qxb5 a6 15. Qd3 0-0 16. Nb3 Nb8 17. Bd2 Nc6 18. a3 Rab8 19. Bf4 e5 20. dxe5 Nxe5 21. Bxe5 Qxe5 22. Rfc1 Rbd8 23. Nd4 Rc8 24. c6 Bd6 25. Nf5 a5 26. Rab1 Bb8 27. a4 Bc7 28. Bh3 Rcd8 29. Bg2 Rc8 30. f4 Qe6 31. Rb5 Rfd8 32. Nd4 Qe7 33. Rcc5 Rb8 34. Rc1 Qd6 35. Nf5 Qe6 36. Bh3 Qe8 37. Kg2 Rbc8 38. Nd4 Ra8 39. Rb7 Bd6 40. Qb5 Qe3 41. Qb2 Qe4+ 42. Nf3 Qe3 43. Rc3 Qe4 44. c7 Rdc8 45. Bxc8 d4 46. Rc4 Nd5 47. Kh3 Nxc7 48. Rbxc7 Bxc7 49. Bb7 Qe6+ 50. Kg2 Rb8 51. Rxc7 Qd6 52. Rc8+ Rxc8 53. Bxc8 g6 54. Qxd4 Qc6 55. Bd7 Qc2 56. Qd2 Qe4 57. Bb5 Qe6 58. Qxa5 Qd5 59. Qb4 h6 60. Bc4 Qf5 61. a5 Qc8 62. a6 Qc7 63. Qb7 Qc5 64. Bd3 Qf8 65. a7 g5 66. Qe4 Qg7 67. a8Q+ 1-0

[Event "Naestved Unichess 3"]
[Site "Naestved"]
[Date "1996.10.18"]
[Round "3"]
[White "Christensen, Michael"]
[Black "Christensen, Ole"]
[Result "1-0"]
[WhiteElo "1130"]
[BlackElo "1000"]
[PlyCount "53"]
[EventDate "1996.10.12"]
[EventType "swiss"]
[EventRounds "5"]
[EventCountry "DEN"]
[SourceTitle "EXT 2023"]
[Source "ChessBase"]
[SourceDate "2022.10.05"]
[SourceVersion "1"]
[SourceVersionDate "2022.10.05"]
[SourceQuality "1"]

1. Nf3 d5 2. d4 Bf5 3. c4 c6 4. e3 e6 5. Nc3 Nf6 6. Bd3 Bxd3 7. Qxd3 Be7 8. c5 Nbd7 9. h3 b6 10. b4 bxc5 11. bxc5 Qc8 12. 0-0 0-0 13. e4 Qd8 14. e5 Ne8 15. h4 f6 16. exf6 Ndxf6 17. Ng5 Nc7 18. h5 Qc8 19. Qg3 Nxh5 20. Qh3 Nf6 21. Nf3 a6 22. Qg3 Re8 23. Ne5 Nb5 24. Bh6 g6 25. Nxg6 Ne4 26. Nxe7+ Kf7 27. Qg7# 1-0